000 00368 a2200157 4500
001 122272
020 _a0070864683
040 _cEscola Canadense de Niteroi
100 _aMcGraw-Hill / Ryerson Limited
245 1 0 _aScience Focus 7 Teacher's Resource Binder
260 _aCanada
362 0 _a2001
490 0 _aScience Focus
650 4 _aScience
942 _cBK
999 _c122272
_d122272